| 000 | 00911nam a2200241 i 4500 | ||
|---|---|---|---|
| 001 | 61805 | ||
| 003 | ES-MaACL | ||
| 005 | 20250830035043.0 | ||
| 007 | t| | ||
| 008 | 031114s1976 sp ||||1| cat d | ||
| 110 | 2 |
_aFacultad de Teología de Barcelona _9174514 |
|
| 245 | 1 | 0 |
_aDeclaració teòlogica sobre el moment històric actual / _cSecció "Sant Francesc de Borja" de la Facultad de Teología de Barcelona ; traducció de Pius Tasies. |
| 260 |
_aBarcelona : _bAbadía de Montserrat, _c[1976] |
||
| 300 |
_a57 p. ; _c19 cm. |
||
| 490 | 1 | _aPublicaciones de l'Abadia de Montserrat | |
| 650 | 4 |
_aCristianismo- _xHistoria- _yS.XX. _9160094 |
|
| 650 | 4 |
_aIglesia y problemas sociales- _zEspaña. _9173572 |
|
| 700 | 1 |
_aTasies, Pius. _9109360 |
|
| 710 | 2 |
_aAbadía de Montserrat. _91133 |
|
| 830 | 1 |
_aPublicaciones de l'Abadia de Montserrat _9182813 |
|
| 852 | 4 |
_aES-MaACL _jA-5771 |
|
| 999 |
_c61805 _d61805 |
||